Chuyện cười cổ nhân

Đã lưu trong:
書目詳細資料
格式: Sách giấy
語言:Vietnamese
出版: Hà Nội : Hà Nội , 1997
標簽: 添加標簽
沒有標簽, 成為第一個標記此記錄!
Thư viện lưu trữ: Thư viện Trường Đại học Đà Lạt
LEADER 00505nam a2200229 4500
001 DLU020010594
005 ##11/29/1999
041 # # |a vie 
082 # # |a 808.882  |b Chu 
090 # # |a 808.882  |b Chu 
245 # # |a Chuyện cười cổ nhân 
260 # # |a Hà Nội :  |b Hà Nội ,  |c 1997 
300 # # |a 264 tr.;   |c 19 cm. 
992 # # |a 19500 
994 # # |a DLU 
900 # # |a False 
911 # # |a Administrator 
925 # # |a G 
926 # # |a A 
927 # # |a SH 
980 # # |a Thư viện Trường Đại học Đà Lạt